Rajasuya (Record no. 143213)

MARC details
000 -LEADER
fixed length control field 00587nam a2200205Ia 4500
003 - CONTROL NUMBER IDENTIFIER
control field OSt
005 - DATE AND TIME OF LATEST TRANSACTION
control field 20260203154513.0
008 - FIXED-LENGTH DATA ELEMENTS--GENERAL INFORMATION
fixed length control field 210210b1949 xxu||||| |||| 00| 0 eng d
040 ## - CATALOGING SOURCE
Transcribing agency AL
041 ## - LANGUAGE CODE
Language code of text/sound track or separate title Kannada
082 ## - DEWEY DECIMAL CLASSIFICATION NUMBER
Classification number 852/537
100 ## - MAIN ENTRY--PERSONAL NAME
Personal name VENKATARAMAPPA (K)
Dates associated with a name ವೆಂಕಟರಾಮಪ್ಪ (ಕೆ)
9 (RLIN) 253663
245 ## - TITLE STATEMENT
Title Rajasuya
Remainder of title ರಾಜಸೂಯ
260 ## - PUBLICATION, DISTRIBUTION, ETC.
Place of publication, distribution, etc. BengaLuru
Name of publisher, distributor, etc. -
Date of publication, distribution, etc. 1949
650 ## - SUBJECT ADDED ENTRY--TOPICAL TERM
Topical term or geographic name entry element RAjasUya
9 (RLIN) 253664
690 ## - LOCAL SUBJECT ADDED ENTRY--TOPICAL TERM (OCLC, RLIN)
Topical term or geographic name as entry element Kannada Prose
9 (RLIN) 253665
700 ## - ADDED ENTRY--PERSONAL NAME
Personal name PRAHLADA RAV
Dates associated with a name ಪ್ರಹ್ಲಾದ ರಾವ್ .
9 (RLIN) 253666
906 ## - LOCAL DATA ELEMENT F, LDF (RLIN)
a 019103
942 ## - ADDED ENTRY ELEMENTS (KOHA)
Source of classification or shelving scheme Dewey Decimal Classification
Koha item type Book
Holdings
Withdrawn status Lost status Source of classification or shelving scheme Damaged status Not for loan Collection code Home library Current library Shelving location Date acquired Cost, normal purchase price Total Checkouts Full call number Barcode Date last seen Price effective from Koha item type
    Dewey Decimal Classification     Kannada St Aloysius Library St Aloysius Library   02/17/2021 0.00   852/537 019103 02/17/2021 02/17/2021 Book